000 00481nam a2200193Ia 4500
001 47030
008 140429s9999 xx 000 0 und d
020 _aNA
040 _cPK-LaUMT
082 _aRHC 320.532
_bHID-P
100 _aHyde, Douglas
245 _aPur amn hamla (Urdu)
_cHyde, Douglas<>Sagheer, Muhammad
260 _aDehli,India:
_bNational Academy,
_c1965
300 _a168 p.
546 _aUR
650 _aCommunism
700 _aSagheer, Muhammad
942 _cBK
999 _c44962
_d44962